| 000 | 00426nam a22001337a 4500 | ||
|---|---|---|---|
| 999 |
_c2009 _d2009 |
||
| 008 | 200210b ||||| |||| 00| 0 eng d | ||
| 020 | _a1870077407 | ||
| 100 |
_91613 _aChauvel, A. M. |
||
| 245 | 1 | 0 |
_aManaging safety and quality in shipping: the key to success, a guide to ISM, ISO 9002, TQM _cby A. M. Chauvel |
| 260 |
_aLondon _bNautical institute _c1997 |
||
| 300 | _ax,214p. | ||
| 650 | 0 | _aShipbuilding contracts | |
| 942 | _cBK | ||